| 000 | 00390nam a22001337a 4500 | ||
|---|---|---|---|
| 020 | _a8122411673 | ||
| 082 |
_222 _a621.3104219 |
||
| 100 | _aBegamudree, Rakosh Das. | ||
| 245 | _aElectro-mechanical energy conversion with dynamics of machines / | ||
| 250 | _a2nd. | ||
| 260 |
_aNew Delhi, _bNew Age International, _cc1998. |
||
| 300 |
_axx, 599 p. ; _bill. ; _c24 cm. |
||
| 942 |
_2ddc _cMEC _01 |
||
| 999 |
_c1572 _d1572 |
||